Normal view
MARC view
- Prieto Jacqué, Carlos,
Entry Nombre Personal
001 - NUMERO DE CONTROL
- campo de control: 43190
003 - IDENTIFICADOR DE NUMERO DE CONTROL
- campo de control: MX-MxUPN
005 - FECHA Y HORA DE LA ÜLTIMA TRANSACCIÓN
- campo de control: 20250618090012.0
008 - DATOS DE LONGITUD FIJA
- campo de control de longitud fija: 250618n| acannaabn a aaa |d
035 ## - NUMERO DE CONTROL
- Número de control: UPN11000015297
040 ## - FUENTE DE CATALOGACIÓN
- Agencia original de catalogación: MX-MxUPN
- Lenguaje de catalogación: spa
- Agencia de transcripción: MX-MxUPN
100 1# - ENCABEZAMIENTO - NOMBRE PERSONAL
- Nombre personal: Prieto Jacqué, Carlos,
- Fechas asociadas con el nombre: 1937-
400 1# - VEÁSE - NOMBRE DE PERSONA
- Personal name: Prieto, Carlos,
- Dates associated with a name: 1937-
670 ## - FUENTE EN LA QUE SE LOCALIZARON DATOS
- Cita de la fuente: LC
680 ## - NOTA PUBLICA DE ACCESO PÚBLICO
- Frase explicativa de la referencia: Escritor mexicano
902 ## - CATALOGADOR
- Catalogador: MMA/230120
